MARC details
| 000 -LÍDER |
| campo de controle de tamanho fixo |
01508nac a22003977a 4500 |
| 001 - NÚMERO DE CONTROLE |
| campo de controle |
BR8000189 |
| 003 - IDENTIFICADOR DO NÚMERO DE CONTROLE |
| campo de controle |
BR-BrBNA |
| 005 - DATA E HORÁRIO DA ÚLTIMA TRANSAÇÃO |
| campo de controle |
20240105114612.0 |
| 008 - CAMPO DE DADOS FIXOS--INFORMAÇÃO GERAL |
| campo de controle de tamanho fixo |
230509b bl.|||m| |||| 00| 0 por d |
| 040 ## - FONTE DA CATALOGAÇÃO |
| Instituição da catalogação original |
BR-BrBNA |
| Idioma da catalogação |
por |
| Instituição que transcreveu o registro |
Biblioteca Nacional de Agricultura |
| 072 ## - CÓDIGO DE CATEGORIA DE ASSUNTO |
| Código de Categoria de Assunto |
F00; E15 |
| 090 ## - NÚMERO DE CHAMADA LOCAL |
| Número de chamada |
0150 BR8000189 |
| 100 1# - ENTRADA PRINCIPAL--NOME PESSOAL |
| Nome pessoal |
Oliveira, A.B. de |
| 100 1# - ENTRADA PRINCIPAL--NOME PESSOAL |
| Nome pessoal |
Cunha, H. |
| 100 1# - ENTRADA PRINCIPAL--NOME PESSOAL |
| Nome pessoal |
Yamaguchi, L.C.T. |
| 100 1# - ENTRADA PRINCIPAL--NOME PESSOAL |
| Nome pessoal |
Alves, T. |
| 100 1# - ENTRADA PRINCIPAL--NOME PESSOAL |
| Nome pessoal |
Santos, F.G. dos |
| 100 1# - ENTRADA PRINCIPAL--NOME PESSOAL |
| Nome pessoal |
Amorim Neto, S. |
| 110 1# - ENTRADA PRINCIPAL--NOME CORPORATIVO |
| Nome corporativo ou nome da jurisdição |
Empresa de Pesquisa Agropecuaria do Estado do Rio de Janeiro, Niteroi (Brasil) |
| 245 1# - TÍTULO |
| Título |
Avaliacao tecnica e economica dos sistemas de producao de arroz em varzeas umidas irrigadas da regiao norte fluminense. Safra 1977/78 [Oryza sativa; Brasil] |
| 246 1# - FORMA VARIANTE DO TÍTULO |
| Título/título abreviado |
[Technical and economical evaluation of rice production systems in irrigated humid lowlands of the Northern area of Rio de Janeiro state. 1977/78 harvest [Oryza sativa; Brazil]] |
| 260 3# - PUBLICAÇÃO, DISTRIBUIÇÃO, ETC. |
| Local de publicação, distribuição, etc. |
Niteroi, RJ (Brasil): |
| Data da publicação, distribuição, etc. |
Sep 1979. |
| 300 ## - DESCRIÇÃO FÍSICA |
| Extensão |
28 p. |
| 490 ## - TÍTULO DA SÉRIE |
| Título da série |
Boletim Tecnico - Empresa de Pesquisa Agropecuaria do Estado do Rio de Janeiro (Brazil) |
| Número do volume ou designação sequencial da série |
no. 3 |
| ISSN - International Standard Serial Number |
|
| 500 ## - NOTA GERAL |
| Nota geral |
9 tables; 12 ref.; Summaries (En, Pt) |
| 650 ## - ASSUNTO--TERMO TÓPICO |
| Cabeçalho tópico ou nome geográfico |
Producao vegetal |
| 650 ## - ASSUNTO--TERMO TÓPICO |
| Cabeçalho tópico ou nome geográfico |
Microeconomia |
| 650 ## - ASSUNTO--TERMO TÓPICO |
| Cabeçalho tópico ou nome geográfico |
Arroz irrigado |
| 650 ## - ASSUNTO--TERMO TÓPICO |
| Cabeçalho tópico ou nome geográfico |
Pratica cultural |
| 650 ## - ASSUNTO--TERMO TÓPICO |
| Cabeçalho tópico ou nome geográfico |
Produtividade |
| 650 ## - ASSUNTO--TERMO TÓPICO |
| Cabeçalho tópico ou nome geográfico |
Varzea |
| 650 ## - ASSUNTO--TERMO TÓPICO |
| Cabeçalho tópico ou nome geográfico |
Zona umida |
| 650 ## - ASSUNTO--TERMO TÓPICO |
| Cabeçalho tópico ou nome geográfico |
Rio de Janeiro |
| 909 ## - |
| -- |
202312 |
| -- |
Lúcia Elande |
| -- |
55 |
| -- |
Lúcia Elande |
| 942 ## - ELEMENTOS DE ENTRADA ADICIONADOS (KOHA) |
| Fonte da classificação ou esquema de arquivamento na estante |
Classificação AGRIS |
| Ocultar no OPAC |
Não |
| Tipo de material Koha |
Monografia Seriada |